000 01174nas a22003371i#4500
001 1365
003 ES-MaACL
005 20250809062529.0
007 t|
008 950801c1980 sp b| | 1 ||pa d
022 _a0211-2744
080 _a(460)
080 _a34
245 0 3 _aLa Ley
_b: revista jurídica española de doctrina, jurisprudencia y bibliografía.
246 1 3 _aRevista jurídica española La Ley
260 _aMadrid :
_bEdilex,
_c1980-
300 _av ;
_c34 cm.
310 _aBimestral,
_b1996-
321 _aTrimestral,
_b1980-1995
362 0 _aN. 1 (1980)-
500 _aSe publican fascículos diarios (Diario La Ley) y repertorios mensuales, que son refundidos en los volúmenes bimestrales.
650 1 7 _aDerecho
_2embne
_911602
655 7 _2tgfbne
_9226866
_aRevistas
770 0 _aLa Ley. Repertorio general
852 _aES-MaACL
_jJ-107
_cDEPO2
_zUnificar con signatura: J-108
856 _uhttps://dialnet.unirioja.es/servlet/revista?codigo=846
_ySumario de la revista en Dialnet
866 0 _o1986-1999(2000 f.n 2-6).
_zDeja de recibirse
942 _2udc
_cPERIODICA
999 _c1365
_d1365